00304pam a2200121 a 4500020002000000041000500020082001600025100001600041245004500057250002200102260004900124300000900173 a81-8204-030-2c h a613.12bTAL aA Talukdar. aParleza l hotel part hTextual Documents a1 st ed / b2010. anew delhibAMAN PUBLICATIONS PRIVATE LIMITED a183.